History Quiz

Random History or War Quiz
Score 0/36 Timer 06:00
0 Plays Today
% Correct
Napoleon
97.2%
Fidel
96.8%
Julius
96.3%
Genghis
95.7%
George
92.7%
Douglas
89.6%
Crazy
87.3%
Oliver
87%
Simón
83.1%
Pancho
80.4%
Chiang
80%
Erwin
78.8%
Sun
77.4%
Horatio
74.2%
Giuseppe
68.6%
Shaka
67.8%
Augusto
65.4%
Francisco
63.7%
% Correct
Yi
62.3%
Bernard
60.1%
Omar
58.8%
Toussaint
55%
Gustavus
52.1%
Abu
49.1%
Scipio
48.8%
Georgy
48.7%
Mustafa
47.4%
Moshe
45.7%
Frederick
44.6%
Charles
42.6%
Alexander
42.3%
Hannibal
38.6%
Lin
35.6%
Oda
35.1%
Sweyn
29.3%
Nader
20%
Remove Ads.
Support Sporcle.
Get the best of Sporcle when you Go Orange. This ad-free experience offers more features, more stats, and more fun while also helping to support Sporcle. Thank you for becoming a member.

You're not logged in!

Compare scores with friends on all Sporcle quizzes.
OR
Log In

Show Comments

Extras

Top Quizzes Today


Score Distribution

Your Account Isn't Verified!

In order to create a playlist on Sporcle, you need to verify the email address you used during registration. Go to your Sporcle Settings to finish the process.

Report this User

Report this user for behavior that violates our Community Guidelines.

Details: